000 00874nam a2200169Ia 4500
008 220216s9999 xx 000 0 und d
100 _aShukla N K
245 0 _aEffect of APM treatment on strength properties of Hevea brasiliensis(Rubber wood)
260 _bJournal of the Timber Development Association(India)
_c1993
300 _a43-47
520 _aIn order to save the energy in seasoning prior to preservative treatment the alternate pressure method(APM) to treat the green wood is gaining importance. This paper deals with the effect of APM treatment with Borax:Boric acid composition on the strength properties of Hevea brasiliensis (rubberwood). Most of the strength properties of rubberwood remained unaffected by this treatment method.
650 _aAPM treatment
650 _aRubberwood
700 _aKhanduri A K
700 _aSatish Kumar
942 _cBO
999 _c48015
_d48015